<?xml version="1.0" encoding="UTF-8"?>
<marc:record xmlns:marc="http://www.loc.gov/MARC21/slim">
   <marc:leader>00000nam a2200000 a 4500</marc:leader>
   <marc:datafield ind1="1" ind2=" " tag="100">
      <marc:subfield code="a">Hagenhofer, Johann</marc:subfield>
      <marc:subfield code="4">aut</marc:subfield>
      <marc:subfield code="e">Verfasser/-in</marc:subfield>
   </marc:datafield>
   <marc:datafield ind1=" " ind2=" " tag="653">
      <marc:subfield code="a">Biografie</marc:subfield>
   </marc:datafield>
   <marc:datafield ind1=" " ind2=" " tag="653">
      <marc:subfield code="a">Bauernhof</marc:subfield>
   </marc:datafield>
   <marc:datafield ind1=" " ind2=" " tag="653">
      <marc:subfield code="a">Bucklige Welt</marc:subfield>
   </marc:datafield>
   <marc:datafield ind1=" " ind2=" " tag="653">
      <marc:subfield code="a">Niederösterreich</marc:subfield>
   </marc:datafield>
   <marc:datafield ind1=" " ind2=" " tag="653">
      <marc:subfield code="a">Geschichte</marc:subfield>
   </marc:datafield>
   <marc:datafield ind1=" " ind2=" " tag="653">
      <marc:subfield code="a">Familiengeschichte</marc:subfield>
   </marc:datafield>
   <marc:datafield ind1=" " ind2=" " tag="653">
      <marc:subfield code="a">Bildungswesen</marc:subfield>
   </marc:datafield>
   <marc:datafield ind1=" " ind2=" " tag="653">
      <marc:subfield code="a">Zeitgeschichte</marc:subfield>
   </marc:datafield>
   <marc:datafield ind1=" " ind2=" " tag="653">
      <marc:subfield code="a">Gemeindepolitik</marc:subfield>
   </marc:datafield>
   <marc:datafield ind1=" " ind2=" " tag="653">
      <marc:subfield code="a">Regionsentwicklung</marc:subfield>
   </marc:datafield>
   <marc:datafield ind1=" " ind2=" " tag="653">
      <marc:subfield code="a">Autobiografie</marc:subfield>
   </marc:datafield>
   <marc:datafield ind1=" " ind2=" " tag="653">
      <marc:subfield code="a">Gesellschaft</marc:subfield>
   </marc:datafield>
   <marc:datafield ind1=" " ind2=" " tag="653">
      <marc:subfield code="a">Softcover / Belletristik/Romanhafte Biografien</marc:subfield>
   </marc:datafield>
   <marc:datafield ind1=" " ind2=" " tag="653">
      <marc:subfield code="a">Romanhafte Biographien</marc:subfield>
   </marc:datafield>
   <marc:datafield ind1="0" ind2="0" tag="245">
      <marc:subfield code="a">Halterbub und Hofrat</marc:subfield>
   </marc:datafield>
   <marc:datafield ind1="0" ind2="0" tag="245">
      <marc:subfield code="b">Erlebte Zeitgeschichte in der Buckligen Welt</marc:subfield>
   </marc:datafield>
   <marc:datafield ind1="0" ind2="0" tag="245">
      <marc:subfield code="c">Johann Hagenhofer</marc:subfield>
   </marc:datafield>
   <marc:datafield ind1=" " ind2="1" tag="264">
      <marc:subfield code="a">Berndorf</marc:subfield>
      <marc:subfield code="b">Kral Verlag</marc:subfield>
      <marc:subfield code="c">2021</marc:subfield>
   </marc:datafield>
   <marc:datafield ind1=" " ind2=" " tag="250">
      <marc:subfield code="a">1. Auflage</marc:subfield>
   </marc:datafield>
   <marc:datafield ind1="1" ind2=" " tag="520">
      <marc:subfield code="a">Angaben aus der Verlagsmeldung

Halterbub und Hofrat : Erlebte Zeitgeschichte in der Buckligen Welt / von Johann Hagenhofer

Johann Hagenhofer wurde 1941 als Kind einer Großbauerntochter und eines Arbeiters am Hof der Familie Trimmel, vulgo Wedl-Handler, auf der Dreibuchenhöh in der Buckligen Welt geboren. Dort erlebte er nicht nur das Kriegsende, sondern auch das traditionelle Bauernleben. Schon mit fünf Jahren wurde er als Halterbub eingesetzt. Mit acht Jahren lernte er das ganz andere Milieu einer roten Kleinbauernfamilie kennen. Durch großes Glück landete er im humanistischen Gymnasium Wiener Neustadt, wobei er in der Unterstufe noch der brave Bub vom Land war. Durch seine Ferialarbeiten am Bau und mit den Freunden in seinem neuen Wohnort Hochwolkersdorf entwickelte er sich in der Oberstufe zu einem verhaltensoriginellen Schüler und Halbstarken. Das Studium an der Universität Wien finanzierte er durch Arbeitsaufenthalte in Schweden und in der BRD. Die Ironie des Schicksals wollte es, dass er schließlich ein engagierter Professor, Direktor und Hofrat an seinem alten Gymnasium wurde. Weitere Schwerpunkte seines Lebens waren neben seiner Familie der Sport, vor allem Fußball, die Gemeindepolitik und die Zeitgeschichte der Region Bucklige Welt Wechselland. In seiner Autobiografie verknüpft Hagenhofer seine individuelle Geschichte mit der großen Geschichte. Die Zeitgeschichte und der tiefgreifende gesellschaftliche Wandel in den vergangenen Jahrzehnten werden dadurch auf faszinierende Weise erlebbar und nachvollziehbar.
</marc:subfield>
   </marc:datafield>
   <marc:datafield ind1=" " ind2=" " tag="020">
      <marc:subfield code="a">9783990249901</marc:subfield>
      <marc:subfield code="9">9783990249901</marc:subfield>
   </marc:datafield>
   <marc:datafield ind1=" " ind2=" " tag="041">
      <marc:subfield code="a">ger</marc:subfield>
   </marc:datafield>
   <marc:datafield ind1=" " ind2=" " tag="300">
      <marc:subfield code="a">248 Seiten</marc:subfield>
   </marc:datafield>
</marc:record>
